000 00989nam a2200289 a 4500
001 BRCA_7518
005 20190320205854.0
008 110513s19uu----gw-a###f##---#001-0#ger-#
041 _ager
044 _agw
050 4 _aZ5933.3
_b.W85 1900
100 1 _aWulff, Oskar
_918515
245 1 0 _aBibliographisch-Kritischer Nachtrag zu altchristliche und byzantinische kunst
_cvon Oskar Wulff ; begründet von Fritz Burger ; herausgegeben von A. E. Brinckmann.
260 _aAlemania
_bAkademische Verlagsgesellschaft Athenaion
_c[19--?]
300 _a88 p.
_bil.
_c29 cm.
440 0 _aHandbuch der Kunstwissenschaft
_918541
500 _aIncluye índice de ilustraciones
500 _aR68
650 1 4 _aArte bizantino
_918517
650 1 4 _aArte
_vBibliografía
_910319
650 1 4 _aArte cristiano antiguo
_915065
650 1 4 _aArquitectura religiosa
_xHistoria
_97864
700 1 _aBurger, Fritz
_918542
700 1 _aBrinckmann, A. E.
_eed.
_918543
902 _aGFM
942 _2lcc
_cB
999 _c7192
_d7192